Visualizzazione normale
Vista MARC
- Sirera, Josep Lluís,
di Personal Name
Records bibliografici associati: 2
001 - CONTROL NUMBER
- control field: 43346
003 - CONTROL NUMBER IDENTIFIER
- control field: IT-RoINE
005 - DATE AND TIME OF LATEST TRANSACTION
- control field: 20180115061815.0
008 - FIXED-LENGTH DATA ELEMENTS
- fixed length control field: 180115|| aca||aabn | a|a d
040 ## - CATALOGING SOURCE
- Original cataloging agency: IT-RoINE
- Transcribing agency: IT-RoINE
100 ## - HEADING--PERSONAL NAME
- Personal name: Sirera, Josep Lluís,
- Dates associated with a name: 1954-2015
670 ## - SOURCE DATA FOUND
- Source citation: Work cat.: (IT-RoINE): Sirera, Josep Lluís, 1954-2015, Passat, present i futur del teatre valencià /, 1981.